000 00875nam a22002297a 4500
003 3228
005 20260527171154.0
008 260513b sa ||||| |||| 00| 0 eng d
020 _a9780716621850
_qhardcover
040 _aMPL
_c3228
_erda.
082 0 _aJ 599.6362 GUIB
100 _9188589
_aGuibert, Grace
245 _a Ride a camel?/
_cWritten by Grace Guibert
260 _aChicago, Illinois :
_bWorld Book, Inc.,
_c 2018.
300 _a48 pages :
_bcolor illustrations ;
_c24 cm
490 _aWhere in the world can I
_x9780716621782
504 _aIncludes bibliographical references and index.
520 _aThis book describes camels and their relatives and visits places around the world where you can ride them!
521 _aAges 9-12.
650 0 _9195854
_aCamels
_vJuvenile fiction
942 _2ddc
_cBOOK05
_w923
_xItumeleng Itswene
_y923
_zItumeleng Itswene
999 _c799039
_d799038